Safest Large Cities in The USA - Statistics

General Stats
  • This quiz has been taken 146 times
  • The average score is 6 of 15
Answer Stats
Answer Crime Cost per Capita % Correct
Seattle $1,324
78%
New York $1,120
76%
San Diego $927
72%
Austin $1,052
62%
San Jose $1,044
52%
Raleigh $531
47%
Honolulu $784
40%
El Paso $1,167
35%
Virginia Beach $946
29%
Anaheim $752
15%
Mesa $830
14%
Riverside $1,304
13%
Arlington $1,234
10%
Santa Ana $1,076
9%
Henderson $601
6%
No matching quizzes found
Score Distribution
Percent of People with Each Score
Percentile by Number Answered
Your Score History
You have not taken this quiz